Beste Bundesliga Torschützen 1. FC Köln - Statistiken

Allgemein
  • Dieses Quiz wurde 909 mal gespielt
    17 seit der letzten Aktualisierung
  • Das Durchschnittsergebnis liegt bei 24 aus 56
Antwortstatistiken
Saison Nationalität Tore Spieler % Korrekt
2003/04 Deutschland 10 Lukas Podolski
86%
2005/06 Deutschland 12 Lukas Podolski
86%
2011/12 Deutschland 18 Lukas Podolski
86%
2015/16 Frankreich 15 Anthony Modeste
71%
2016/17 Frankreich 25 Anthony Modeste
71%
2021/22 Frankreich 20 Anthony Modeste
71%
2008/09 Slowenien 16 Milivoje Novakovič
71%
2009/10 Slowenien 6 Milivoje Novakovič
71%
2010/11 Slowenien 17 Milivoje Novakovič
71%
1993/94 Österreich 17 Toni Polster
71%
1994/95 Österreich 17 Toni Polster
71%
1995/96 Österreich 11 Toni Polster
71%
1996/97 Österreich 21 Toni Polster
71%
1997/98 Österreich 13 Toni Polster
71%
2025/26 Deutschland 13 Saïd El Mala
64%
1964/65 Deutschland 19 Christian Müller
50%
1973/74 Deutschland 17 Dieter Müller
50%
1974/75 Deutschland 24 Dieter Müller
50%
1976/77 Deutschland 34 Dieter Müller
50%
1977/78 Deutschland 24 Dieter Müller
50%
1978/79 Deutschland 8 Dieter Müller
50%
1979/80 Deutschland 21 Dieter Müller
50%
1980/81 Deutschland 17 Dieter Müller
50%
2014/15 Nigeria 10 Anthony Ujah
43%
1965/66 Deutschland 18 Hannes Löhr
43%
1966/67 Deutschland 13 Hannes Löhr
43%
1967/68 Deutschland 27 Hannes Löhr
43%
1969/70 Deutschland 19 Hannes Löhr
43%
1972/73 Deutschland 10 Hannes Löhr
43%
1975/76 Deutschland 15 Hannes Löhr
43%
2019/20 Kolumbien 13 Jhon Córdoba
43%
2020/21 Kolumbien 7 Jhon Córdoba
43%
1981/82 Deutschland 15 Pierre Littbarski
43%
1982/83 Deutschland 16 Pierre Littbarski
43%
1985/86 Deutschland 8 Pierre Littbarski
43%
1983/84 Deutschland 20 Klaus Allofs
36%
1984/85 Deutschland 26 Klaus Allofs
36%
1986/87 Deutschland 14 Klaus Allofs
36%
1988/89 Deutschland 17 Thomas Allofs
36%
2022/23 Tunesien 7 Ellyes Skhiri
29%
1981/82 England 15 Tony Woodcock
29%
2020/21 Slowakei 7 Ondrej Duda
21%
2000/01 Deutschland 11 Dirk Lottner
14%
2001/02 Deutschland 9 Dirk Lottner
14%
1987/88 Dänemark 13 Flemming Povlsen
14%
1991/92 Deutschland 11 Frank Ordenewitz
14%
1992/93 Deutschland 9 Frank Ordenewitz
14%
2017/18 Deutschland 7 Simon Terodde
14%
1970/71 Deutschland 14 Bernd Rupp
7%
1971/72 Deutschland 16 Bernd Rupp
7%
2023/24 Deutschland 6 Davie Selke
7%
1963/64 Deutschland 16 Karl-Heinz Thielen
7%
1990/91 Deutschland 14 Maurice Banach
7%
1968/69 Deutschland 14 Carl-Heinz Rühl
0%
1989/90 Deutschland 11 Falko Götz
0%
1978/79 Deutschland 8 Herbert Zimmermann
0%
Keine übereinstimmenden Quizze gefunden
Verteilung der Resultate
Anzahl Personen mit jedem Resultat
Perzentil nach korrekt beantworteten Fragen
Ihre Resultats-Entwicklung
Sie haben dieses Quiz seit der letzten Aktualisierung nicht gespielt